000 00715nam a22001937a 4500
003 BUBTL
008 190421b xxu||||| |||| 00| 0 eng d
020 _a984-18-0079-9
082 _a891.443 / CHS
100 _92284
_aচট্টোপাধ্যায়, শরৎচন্দ্র
245 _aশ্রীকান্ত /
_cশরৎচন্দ্র চট্টোপাধ্যায়
250 _a3rd ed.
260 _aঢাকা :
_bবিশ্বসাহিত্য কেন্দ্র,
_cc2011
300 _a96 p. :
_c22 cm.
650 0 _91687
_aবাংলা সাহিত্য
856 _k0
_l0
_yDownload
942 _2ddc
_cBK
999 _c5982
_d5982